[Event "II Oliver Gonzalez Memorial"]
[Site "Madrid ESP"]
[Date "2011.10.08"]
[Round "1.39"]
[White "Cortes Jurado,R"]
[Black "Ibanez Moreno,S"]
[Result "1/2-1/2"]
[WhiteElo "2101"]
[BlackElo "1789"]

1.e4 e6 2.d4 d5 3.Nd2 Nc6 4.Ngf3 dxe4 5.Nxe4 Nf6 6.Bd3 Be7 7.O-O O-O 8.c3 b6
9.Qc2 h6 10.Nxf6+ Bxf6 11.Bh7+ Kh8 12.Be4 Bb7 13.Bf4 Qc8 14.Qd2 g5 15.Bg3 Ne7
16.Bxb7 Qxb7 17.h4 c5 18.hxg5 hxg5 19.Nxg5 cxd4 20.Qf4 Nf5 21.Qg4 Bxg5 22.Qxg5 f6
23.Qh5+ Qh7 24.Qxh7+ Kxh7 25.cxd4 Nxd4 26.Bd6 Rh8 27.g3 Kg6 28.Kg2 Rad8 29.Bf4 e5
30.Be3 Nc2 31.Rad1 Nxe3+ 32.fxe3 f5 33.Kf3 e4+ 34.Kf4 Kf6 35.Rxd8 Rxd8 36.Rc1 Rd6
37.Rc8 Ke6 38.Re8+ Kf7 39.Ke5 Rd3 40.Ra8 Kg6 41.g4 fxg4 42.Kxe4 Rd2 43.Kf4 Rxb2
44.Rxa7 Rb4+ 45.e4 Kf6 46.Ra3 Rb2 47.Rb3 Rf2+ 48.Kg3 Rxa2 49.Rxb6+ Ke5 50.Kxg4  1/2-1/2

[Event "Oslo GM Open"]
[Site "Oslo NOR"]
[Date "2011.10.08"]
[Round "8.27"]
[White "Andersen,AlfR"]
[Black "Arvola,B"]
[Result "1-0"]
[WhiteElo "2206"]
[BlackElo "2244"]

1.e4 e6 2.d4 d5 3.Nd2 Nc6 4.c3 e5 5.exd5 Qxd5 6.Ngf3 Bg4 7.Bc4 Bxf3 8.Qxf3 Qxf3
9.Nxf3 exd4 10.O-O dxc3 11.Re1+ Be7 12.bxc3 Nh6 13.Ne5 Nxe5 14.Rxe5 Kf8 15.Bxh6 gxh6
16.Rae1 Bd6 17.Rf5 f6 18.Rxf6+ Kg7 19.Rf7+ Kg6 20.Re4 h5 21.f4 Raf8 22.f5+ Kh6
23.Re6+ Kg5 24.Rxf8 Rxf8 25.Bd3 Rd8 26.Be4 Bc5+ 27.Kf1 Rd2 28.a4 Ra2 29.f6 Rf2+
30.Ke1 Rxf6 31.h4+ Kf4 32.Rxf6+ Kxe4 33.Ke2 Bd6 34.Rh6 Kf5 35.Rxh5+ Kg6 36.Rb5 b6
37.g4 Bc5 38.Kf3 h5 39.gxh5+ Kxh5 40.Ke4 Kxh4 41.Rb1 Kg5 42.Rf1 Kg6 43.Kd5 Bd6
44.Kc6 a5 45.c4 Be5 46.Rf2 Bd6 47.Rd2 Bf4 48.Rd7 Kf5 49.Rf7+  1-0

[Event "49th ch-IND NatA"]
[Site "Aurangabad IND"]
[Date "2011.10.12"]
[Round "4"]
[White "Venkatesh,M"]
[Black "Kamble,V"]
[Result "1-0"]
[WhiteElo "2479"]
[BlackElo "2449"]

1.e4 e6 2.d4 d5 3.Nd2 Nc6 4.Ngf3 Nf6 5.e5 Nd7 6.Bd3 Nb4 7.Be2 c5 8.c3 Nc6
9.O-O a5 10.a4 b6 11.Re1 Ba6 12.Bb5 Bxb5 13.axb5 Na7 14.c4 dxc4 15.Nxc4 cxd4
16.Bg5 Qc8 17.Rc1 Qb7 18.Nxd4 Bc5 19.Nd6+ Bxd6 20.exd6 Nc5 21.Rxc5 bxc5 22.Nxe6 fxe6
23.Rxe6+ Kf7 24.Re7+ Qxe7 25.Bxe7  1-0

[Event "Lichtenrader Autumn"]
[Site "Berlin GER"]
[Date "2011.10.12"]
[Round "5.4"]
[White "Feuerstack,A"]
[Black "Grottke,HJ"]
[Result "1/2-1/2"]
[WhiteElo "2424"]
[BlackElo "2237"]

1.e4 e6 2.d4 d5 3.Nd2 Nc6 4.Ngf3 Nf6 5.e5 Nd7 6.c3 f6 7.Bb5 fxe5 8.dxe5 Be7
9.Nd4 Ndxe5 10.f4 Ng6 11.Nxc6 bxc6 12.Bxc6+ Bd7 13.Bxa8 Qxa8 14.O-O Bc5+
15.Kh1 O-O 16.Nb3 Bd6 17.Be3 Nxf4 18.Qg4 h5 19.Qf3 Bb5 20.Rfe1 Nd3 21.Qxh5 Nxe1
22.Rxe1 Rf5 23.Qg4 Qf8 24.Nd4 Rf1+ 25.Rxf1 Qxf1+ 26.Bg1 Bd7 27.Qh4 Qf6 28.Qxf6 gxf6
29.Nb3 a6 30.Bc5 Bf4 31.g3 Bh6 32.Be7 Kf7 33.Bd8 c6 34.Nc5 Bc8 35.Kg2 e5
36.Kf2 Bf8 37.Bb6 Kg6 38.Kf3 Kf5 39.Nb3 Bh6 40.h3 Kg6  1/2-1/2

[Event "II Oliver Gonzalez Memorial"]
[Site "Madrid ESP"]
[Date "2011.10.12"]
[Round "5.9"]
[White "Khamrakulov,I"]
[Black "Rodrigo Yanguas,M"]
[Result "1-0"]
[WhiteElo "2504"]
[BlackElo "2135"]

1.e4 e6 2.d4 d5 3.Nd2 Be7 4.Ngf3 Nf6 5.Bd3 c5 6.c3 cxd4 7.cxd4 dxe4 8.Nxe4 Bd7
9.Ne5 Nc6 10.O-O Nxd4 11.Bg5 Nc6 12.Bxf6 gxf6 13.Nc4 Bc8 14.Qg4 Kf8 15.Rad1 f5
16.Qf4 fxe4 17.Bxe4 Nd4 18.Qh6+ Ke8 19.Ne5 Qb6 20.Rfe1 Rf8 21.Qxh7 f5 22.Bf3 Kd8
23.Ng6 Re8 24.Nxe7 Rxe7 25.Qh8+ Re8 26.Rxd4+ Bd7 27.Qg7 Re7 28.Qg8+ Re8 29.Rxd7+ Kxd7
30.Rd1+  1-0

[Event "20th TCh-CRO 1a"]
[Site "Sibenik CRO"]
[Date "2011.10.12"]
[Round "9.3"]
[White "Navara,D"]
[Black "Grachev,B"]
[Result "1/2-1/2"]
[WhiteElo "2705"]
[BlackElo "2682"]

1.e4 e6 2.d4 d5 3.Nd2 a6 4.Ngf3 c5 5.exd5 exd5 6.c4 cxd4 7.cxd5 Nf6 8.Bc4 b5
9.Bb3 Qe7+ 10.Kf1 Bb7 11.Nxd4 g6 12.h4 Bg7 13.h5 O-O 14.hxg6 hxg6 15.N2f3 Bxd5
16.Bh6 Bxh6 17.Rxh6 Rd8 18.Qd2 Ne4 19.Qf4 Qf6 20.Qe3 Bxb3 21.axb3 Re8 22.Kg1 Nd6
23.Qd2 Ne4 24.Qe3 Nd6 25.Qd2 Ne4 26.Qe3  1/2-1/2

[Event "Lichtenrader Autumn"]
[Site "Berlin GER"]
[Date "2011.10.13"]
[Round "6.13"]
[White "Postler,R"]
[Black "Tran,My Linh"]
[Result "1-0"]
[WhiteElo "2367"]
[BlackElo "2018"]

1.e4 e6 2.d4 d5 3.Nd2 Nc6 4.Ngf3 Nf6 5.e5 Nd7 6.Bb5 a6 7.Bxc6 bxc6 8.O-O c5
9.c3 cxd4 10.cxd4 c5 11.dxc5 Bxc5 12.Nb3 Bb6 13.Re1 O-O 14.Be3 a5 15.Bxb6 Qxb6
16.Qd4 a4 17.Qxb6 Nxb6 18.Nc5 Ra5 19.Rec1 Nc4 20.Nd3 f6 21.b3 Nxe5 22.Nfxe5 fxe5
23.Nxe5 axb3 24.axb3 Rb5 25.Ra3 Bb7 26.f3 d4 27.Nd3 Bd5 28.b4 Rfb8 29.Kf2 Kf7
30.Ra7+ R8b7 31.Ra6 R7b6 32.Rc7+ Kf6 33.Raa7 Rb7 34.Raxb7 Rxb7 35.Rxb7 Bxb7
36.b5 Ke7 37.Nc5 Bd5 38.b6 Kd6 39.b7 Kc7 40.f4 g6 41.g3 Kb8 42.Ke2 Bc4+ 43.Kd2 Kc7
44.h4 Kb8 45.g4 Kc7 46.g5 Kb8 47.Ne4 Ba6 48.Nf6 Kxb7 49.Nxh7 Kc6 50.Nf6 Bc4
51.Ng4 Kd5 52.Ne5 Ba2 53.Nxg6 Ke4 54.h5 Kf5 55.Ne5 Bb1 56.h6 Kxf4 57.Nd3+  1-0

[Event "Lichtenrader Autumn"]
[Site "Berlin GER"]
[Date "2011.10.13"]
[Round "6.8"]
[White "Priebe,J"]
[Black "Magnussen,H"]
[Result "1-0"]
[WhiteElo "2265"]
[BlackElo "2126"]

1.e4 e6 2.d4 d5 3.Nd2 Nc6 4.Ngf3 Nf6 5.e5 Nd7 6.c4 dxc4 7.Nxc4 Nb6 8.Ne3 Nb4
9.a3 N4d5 10.Bd3 Bd7 11.O-O Be7 12.Re1 Nxe3 13.fxe3 c5 14.Qe2 Rc8 15.Bd2 Bc6
16.Rf1 cxd4 17.exd4 O-O 18.Kh1 Bd5 19.Ba5 f5 20.exf6 Bxf6 21.Ne5 Qe8 22.Qg4 Bxe5
23.dxe5 Nd7 24.Bc3 Nc5 25.Bc2 Qc6 26.Bb4 b6 27.Qh3 g6 28.Rf6 Rxf6 29.exf6 Rf8
30.Rf1 Rf7 31.Qg3 Nd7 32.Bxg6 Rxf6 33.Bd3+ Kf7 34.Rxf6+ Nxf6 35.Bc3 e5 36.Qxe5 Bxg2+
37.Kg1 Bd5 38.Qf5 Bb3 39.Kf2 h5 40.Kg3 Qd6+ 41.Be5 Qc6 42.Kh4 Qa4+ 43.Kg5 Qg4+
44.Qxg4 Nxg4 45.Bb8 Ke7 46.h4 a5 47.Bc7 a4 48.Bxb6 Bd1 49.Bd4 Nh2 50.Bf6+ Kd6
51.Bc4 Nf3+ 52.Kf4 Ne1 53.Bf7 Nd3+ 54.Ke4 Nc5+ 55.Kd4 Nd7 56.Bg5 Nf8 57.Kc3 Ne6
58.Bf6 Nc5 59.Bd8 Ne6 60.Bb6 Nf4 61.Kd2 Bf3 62.Be3 Ne6 63.Kc3 Bd1 64.Be8 Nc5
65.Bxc5+ Kxc5 66.Kd2 Bb3 67.Bxh5 Be6 68.Kc3 Kb5 69.Bg6  1-0

[Event "11th Winterthur Open"]
[Site "Winterthur SUI"]
[Date "2011.10.13"]
[Round "7"]
[White "Botta,Ga"]
[Black "Kuhn,Th"]
[Result "1-0"]
[WhiteElo "2271"]
[BlackElo "2213"]

1.e4 e6 2.d4 d5 3.Nd2 Be7 4.Bd3 c5 5.dxc5 Nf6 6.Qe2 O-O 7.Ngf3 a5 8.O-O Nc6
9.c4 a4 10.Rd1 Bxc5 11.exd5 exd5 12.cxd5 Nb4 13.Ne4 Nxd3 14.Qxd3 Bf5 15.Nxf6+ Qxf6
16.Qb5 b6 17.Bg5 Qg6 18.Bf4 Be4 19.Ng5 Rad8 20.Nxe4 Qxe4 21.Bg3 a3 22.Qd3 Qxd3
23.Rxd3 axb2 24.Rb1 Rfe8 25.Kf1 Re4 26.Rxb2 Rd4 27.Rxd4 Bxd4 28.Rd2 Bc5 29.Ke2 f5
30.Kd1 g5 31.Be5 Kf7 32.Kc2 Bd6 33.Bxd6 Rxd6 34.Kc3 g4 35.f3 gxf3 36.gxf3 Kf6
37.Kd4 Rd8 38.Rb2 Rb8 39.f4  1-0

[Event "II Oliver Gonzalez Memorial"]
[Site "Madrid ESP"]
[Date "2011.10.15"]
[Round "8.1"]
[White "Khamrakulov,I"]
[Black "Anton Guijarro,D"]
[Result "1/2-1/2"]
[WhiteElo "2504"]
[BlackElo "2462"]

1.e4 e6 2.d4 d5 3.Nd2 Be7 4.Ngf3 Nf6 5.Bd3 c5 6.c3 cxd4 7.cxd4 dxe4 8.Nxe4 Bd7
9.Ne5 O-O 10.O-O Nc6 11.Bg5 Nxe4 12.Bxe7 Qxe7 13.Bxe4 Rfd8 14.Nxc6 Bxc6 15.Bxc6 bxc6
16.Qa4 Qb7 17.b3 Qb5 18.Qxb5 cxb5 19.Rfd1 Rac8 20.Rd2 Rd5 21.Kf1 Kf8 22.Ke2 Ke7
23.a3 Rc3 24.b4 a6 25.Raa2 Kd7 26.Rd3 Rc4 27.Ke3 Kc6 28.g4 h5 29.h3 hxg4
30.hxg4 Rd8 31.f3 Rh8 32.a4 Rxb4 33.axb5+ Kxb5 34.d5 Rd8 35.d6 a5 36.d7 a4
37.Rd6 Kc5 38.Ra6 Rxd7 39.R6xa4 Rxa4 40.Rxa4 Rb7 41.Ra5+ Kd6 42.Ra6+ Ke5
43.Ra5+ Kf6 44.Rc5 Kg6 45.Ra5 f6 46.Kf4 e5+ 47.Kg3 Rb3 48.Ra4 Kg5 49.Re4 g6
50.Re1 Rb5 51.Re2 Kh6 52.Rc2 f5 53.gxf5 gxf5 54.Rc6+ Kg5 55.Re6 f4+ 56.Kh3 Kf5
57.Re8 Rb1 58.Kg2 Rb2+ 59.Kf1 Kg5 60.Rg8+ Kf6 61.Re8 Rb5 62.Kg2 Kf7 63.Rd8 Ke7
64.Ra8 Ke6 65.Re8+ Kd5 66.Rd8+ Kc4 67.Kf2 Rd5 68.Rc8+ Kd3 69.Rc7 Rd8 70.Re7 Kd4
71.Ke2  1/2-1/2

[Event "Schachbundesliga 2011-12"]
[Site "Muelheim GER"]
[Date "2011.10.15"]
[Round "2"]
[White "Adams,Mi"]
[Black "Grachev,B"]
[Result "1/2-1/2"]
[WhiteElo "2733"]
[BlackElo "2682"]

1.e4 e6 2.d4 d5 3.Nd2 a6 4.Ngf3 c5 5.dxc5 Bxc5 6.Bd3 Ne7 7.O-O Nbc6 8.exd5 exd5
9.Nb3 Bb6 10.Re1 O-O 11.Be3 Bc7 12.c3 h6 13.h3 Re8 14.Nbd4 Nxd4 15.Bxd4 Nc6
16.Rxe8+ Qxe8 17.Bc2 Nxd4 18.Qxd4 Qb5 19.Qd2 Be6 20.Nd4 Qd7 21.Qd3 g6 22.Re1 Re8
23.Kf1 Bb6 24.Bb3 Kg7 25.c4 Qd6 26.Nxe6+ Rxe6 27.Rxe6 fxe6 28.cxd5 Qc5 29.Qd2 Ba5
30.Qd1 Bb6 31.Qd2 Ba5 32.Qf4 Bc7 33.Qf3 Qc1+ 34.Qd1 Qxd1+ 35.Bxd1 exd5 36.Bf3 Be5
37.b3 b6 38.Bxd5 g5 39.Ke2 Bd4 40.f3 a5 41.Kd3 Bg1 42.Ke4 Kf6 43.f4  1/2-1/2

[Event "ch-UKR w 2011"]
[Site "Poltava UKR"]
[Date "2011.10.15"]
[Round "9.9"]
[White "Kalinina,M"]
[Black "Sharovskaya,O"]
[Result "1/2-1/2"]
[WhiteElo "2039"]
[BlackElo "1957"]

1.e4 e6 2.d4 d5 3.Nd2 a6 4.Ngf3 c5 5.exd5 Qxd5 6.Bc4 Qd8 7.dxc5 Bxc5 8.O-O Nf6
9.Qe2 O-O 10.Nb3 Be7 11.Bg5 Nc6 12.Rad1 Qc7 13.Nbd4 Nxd4 14.Nxd4 e5 15.Nf3 e4
16.Nd2 Bg4 17.f3 exf3 18.Nxf3 Bc5+ 19.Kh1 Rae8 20.Qd3 Rd8 21.Qb3 Rxd1 22.Rxd1 Ne4
23.Bh4 Qf4 24.Bd5 Nd2 25.Bg3 Qxg3 26.Rxd2 Qf4 27.Qc4 Qxc4 28.Bxc4 b5 29.Bb3 Re8
30.h3 Bxf3 31.gxf3 g6 32.Kg2 Kg7 33.a4 bxa4 34.Bxa4 Re1 35.Bb3 Rg1+ 36.Kh2 Rf1
37.Kg3 Rg1+ 38.Kf4 g5+ 39.Kf5 Rg3 40.Rd3 Rxh3 41.Kxg5 Be7+ 42.Kg4 Rh1 43.Rd7 Kf6
44.Rd5 Kg7 45.Rf5 Bf6 46.Ra5 h5+ 47.Kf4 Bxb2 48.Rxa6 f6 49.Bd5 h4 50.Ra7+ Kf8
51.Kg4 h3 52.Rh7 Rg1+ 53.Kf5 Rg5+ 54.Ke6 Re5+ 55.Kd6 Ba3+ 56.Kc6 Re2 57.c4 h2
58.f4 Rf2 59.Kd7 h1=Q 60.Rxh1 Rxf4 61.Rh7 Rd4 62.Rf7+ Kg8 63.Rxf6+ Kg7 64.Rf3 Bb4
65.Kc6 Kg6 66.Kb5 Bd6 67.Bf7+ Kg5 68.c5 Bxc5 69.Kxc5 Rd8 70.Be6 Rd2 71.Bd5 Kg4
72.Rf8 Kg3 73.Rf7 Rf2 74.Rg7+ Kf4 75.Kd6 Re2 76.Rf7+ Kg5 77.Rf1 Re3 78.Kc5 Re5
79.Rg1+ Kf6 80.Rg8 Re1 81.Rf8+ Kg5 82.Bf3 Re3 83.Kd4 Re1 84.Be4 Ra1 85.Ke5 Ra5+
86.Bd5 Ra6 87.Rf5+ Kg4 88.Rf2 Ra3 89.Rf7 Kg3 90.Rg7+ Kf2 91.Rg2+ Ke1 92.Be4 Ra4
93.Kf4 Ra3 94.Bc2 Kf1 95.Rh2 Kg1 96.Rd2 Ra7 97.Be4 Rf7+ 98.Ke3 Rf8 99.Rg2+ Kf1
100.Rg4 Ke1 101.Rh4 Rf7 102.Rh5 Rf8 103.Rh2 Rf7 104.Re2+ Kd1 105.Ra2 Kc1
106.Rc2+ Kd1 107.Rb2 Rc7 108.Rh2 Kc1 109.Bd3 Re7+ 110.Kd4 Kd1 111.Bf5 Ke1
112.Kd3 Kf1 113.Be4 Kg1 114.Rb2 Rf7 115.Ke3 Rf8 116.Rb7 Kh2 117.Rg7 Kh3 118.Bf3 Re8+
119.Kf2 Kh4  1/2-1/2

[Event "Chigorin Memorial Open"]
[Site "St Petersburg RUS"]
[Date "2011.10.17"]
[Round "4.72"]
[White "Zozulia,A"]
[Black "Nedostup,D"]
[Result "1/2-1/2"]
[WhiteElo "2377"]
[BlackElo "2075"]

1.e4 e6 2.d4 d5 3.Nd2 Nc6 4.Ngf3 Nf6 5.e5 Nd7 6.Be2 f6 7.exf6 Qxf6 8.Nf1 Bd6
9.Ne3 O-O 10.O-O Qg6 11.c4 Nf6 12.c5 Bf4 13.Nc2 Bxc1 14.Rxc1 Ne4 15.Nce1 Ng5
16.Nxg5 Qxg5 17.Nf3 Qg6 18.Rc3 Bd7 19.Bb5 Qf6 20.Bxc6 Bxc6 21.Re3 Rae8 22.Rfe1 Re7
23.Qe2 Bd7 24.Ne5 Be8 25.Rf3 Qh4 26.Rxf8+ Kxf8 27.Qd2 Kg8 28.Re3 Bh5 29.g3 Qg5
30.Qb4 c6 31.Qa5 Re8 32.Qxa7 Qf5 33.Qa5 Qb1+ 34.Qe1 Qxb2 35.g4 Bf7 36.Nxf7 Kxf7  1/2-1/2

[Event "76th ch-ESP"]
[Site "Arenal d'en Castell ESP"]
[Date "2011.10.18"]
[Round "4.2"]
[White "De La Villa Garcia, JM"]
[Black "Arizmendi Martinez,J"]
[Result "1/2-1/2"]
[WhiteElo "2486"]
[BlackElo "2568"]

1.e4 e6 2.d4 d5 3.Nd2 Be7 4.Ngf3 Nf6 5.Bd3 c5 6.c3 cxd4 7.cxd4 dxe4 8.Nxe4 Bd7
9.O-O Bc6 10.Qc2 Nxe4 11.Bxe4 Bxe4 12.Qxe4 Nc6 13.Rd1 Qd5 14.Qxd5 exd5 15.Ne5 Rc8
16.Be3 f6 17.Nxc6 Rxc6 18.Rac1 Kd7 19.Rxc6 bxc6 20.Kf1 Rb8 21.b3 Bd6 22.Ke2 f5
23.h3 f4 24.Bc1 g5 25.f3 h5 26.Bd2 Rg8 27.Rh1 Rg6 28.Rf1 Re6+ 29.Kd3 Rg6
30.Ke2 Re6+ 31.Kd3 Rg6  1/2-1/2

[Event "Chigorin Memorial Open"]
[Site "St Petersburg RUS"]
[Date "2011.10.18"]
[Round "5.3"]
[White "Rasulov,Vu"]
[Black "Kuzubov,Y"]
[Result "1/2-1/2"]
[WhiteElo "2523"]
[BlackElo "2623"]

1.e4 e6 2.d4 d5 3.Nd2 Nc6 4.Ngf3 Nf6 5.e5 Nd7 6.b3 Be7 7.Bb2 O-O 8.c4 f6
9.a3 a5 10.Bd3 fxe5 11.Nxe5 Ncxe5 12.dxe5 Nc5 13.Bc2 dxc4 14.Nxc4 Qxd1+ 15.Rxd1 b6
16.O-O Ba6 17.Rd4 Rad8 18.Rfd1 Rxd4 19.Rxd4 Rd8 20.Rxd8+ Bxd8 21.Bc3 Be7
22.Nb2 Bb7 23.b4 axb4 24.Bxb4 Kf7 25.a4 Be4 26.Bxe4 Nxe4 27.a5 bxa5 28.Bxa5 Bc5
29.Bxc7 Nxf2 30.Nc4 Ng4+ 31.Kh1 Kg6 32.g3 Kf5 33.Kg2 Ke4 34.Nd2+ Kd3 35.Nf3 Ne3+
36.Kh3 Nd5 37.Bd6 Be3 38.Kg4 h6 39.Kh5 Ke4 40.Nh4 Bg1 41.Bf8 Bxh2 42.Bxg7 Bxg3
43.Bxh6 Bxe5 44.Kg4 Bd6 45.Bg5 Bf4 46.Bxf4 Nxf4  1/2-1/2

[Event "Chigorin Memorial Open"]
[Site "St Petersburg RUS"]
[Date "2011.10.18"]
[Round "5.66"]
[White "Zizlova,S"]
[Black "Sichinava,Z"]
[Result "1-0"]
[WhiteElo "2199"]
[BlackElo "2372"]

1.e4 e6 2.d4 d5 3.Nd2 Be7 4.Bd3 c5 5.dxc5 Nf6 6.Qe2 Nc6 7.Ngf3 O-O 8.O-O Nb4
9.Nb3 Bd7 10.e5 Ne8 11.Bd2 Nxd3 12.cxd3 Ba4 13.d4 b6 14.Rac1 Rb8 15.cxb6 Qxb6
16.Ba5 Qb5 17.Qxb5 Rxb5 18.Nfd2 f6 19.Rc8 fxe5 20.dxe5 d4 21.Re1 Bxb3 22.Nxb3 Rxa5
23.Nxa5 Bb4 24.Rd1 Bxa5 25.Rxd4 Bb6 26.Rd2 Nc7 27.Rdd8 Rxd8 28.Rxd8+ Kf7
29.Rd7+ Kf8 30.Kf1 Na6 31.Ke2 Nc5 32.Rd1 Ke7 33.b4 Ne4 34.Rc1 Nxf2 35.Rc4 h5
36.h3 Nh1 37.a4 Kd7 38.Kf3 a6 39.Rc1 Nf2 40.Rc2 Nh1 41.g3  1-0

[Event "Chigorin Memorial Open"]
[Site "St Petersburg RUS"]
[Date "2011.10.18"]
[Round "5.32"]
[White "Andriasian,Z"]
[Black "Serov,M"]
[Result "1-0"]
[WhiteElo "2615"]
[BlackElo "2388"]

1.e4 e6 2.d4 d5 3.Nd2 a6 4.Ngf3 c5 5.exd5 exd5 6.Be2 c4 7.O-O Bd6 8.b3 cxb3
9.axb3 Nc6 10.c4 Nge7 11.Bb2 O-O 12.Ne5 Be6 13.Rc1 Rc8 14.Ndf3 f6 15.Nd3 Na5
16.c5 Bb8 17.Bc3 Qc7 18.Bd2 g5 19.g3 Nf5 20.Bxa5 Qxa5 21.b4 Qc7 22.c6 b6
23.b5 a5 24.Nb2 Qf7 25.Bd3 Bc7 26.Na4 Kg7 27.Re1 Nd6 28.Qb3 Bg4 29.Nd2 Rcd8
30.Be2 Bc8 31.Bf3 Nf5 32.Qd3 h5 33.Nf1 h4 34.Nc3 hxg3 35.fxg3 Rh8 36.Rc2 Ne7
37.Rce2 Bf5 38.Qe3 Ng6 39.Qf2 Bd3 40.Re3 Bf5 41.Qa2 Be4 42.Bxe4 dxe4 43.Rxe4 f5
44.Re6 Rxd4 45.Nd5 Kh6 46.Ne7  1-0

[Event "Chigorin Memorial Open"]
[Site "St Petersburg RUS"]
[Date "2011.10.20"]
[Round "7.113"]
[White "Gudkina,Zhanna"]
[Black "Tugarin,A"]
[Result "0-1"]
[WhiteElo "1781"]
[BlackElo "2014"]

1.e4 e6 2.d4 d5 3.Nd2 Be7 4.Bd3 c5 5.c3 cxd4 6.cxd4 dxe4 7.Nxe4 Nc6 8.Nf3 Nf6
9.Nc3 O-O 10.O-O b6 11.Be3 Bb7 12.a3 Nd5 13.Qc2 h6 14.Nxd5 Qxd5 15.Qd2 Na5
16.Bxh6 Qh5 17.Bf4 Nb3 18.Qe3 Nxa1 19.Rxa1 Bxf3 20.gxf3 Bf6 21.Kh1 Bxd4 22.Qe2 Bxb2
23.Rg1 Bf6 24.Rg3 Rfd8 25.Kg2 Rac8 26.Rh3 Qc5 27.Bg6 Qc4 28.Bh7+ Kf8 29.Qe3 Qd4
30.Be4 Qxe3 31.Bxe3 g6 32.Rg3 Rc3 33.a4 Rc4 34.a5 bxa5 35.Bxa7 a4 36.Kh3 Rd1
37.Rg4 a3 38.Bd5 exd5 39.Rxc4 dxc4 40.Bc5+ Be7 41.Bxe7+ Kxe7  0-1

[Event "Chigorin Memorial Open"]
[Site "St Petersburg RUS"]
[Date "2011.10.20"]
[Round "7.69"]
[White "Dzhangobegov,V"]
[Black "Pimenov,R"]
[Result "1-0"]
[WhiteElo "2333"]
[BlackElo "2179"]

1.e4 e6 2.d4 d5 3.Nd2 Nc6 4.Ngf3 Nf6 5.e5 Nd7 6.Nb3 f6 7.Bb5 Be7 8.exf6 Bxf6
9.O-O O-O 10.Re1 Re8 11.Bf4 a5 12.Bxc6 bxc6 13.Ne5 Bxe5 14.Bxe5 a4 15.Nc5 Qe7
16.Re3 Nxc5 17.dxc5 Qxc5 18.Bxg7 Kxg7 19.Qh5 Rf8 20.Rg3+ Kf6 21.Qxh7 Ke5
22.Qg7+ Rf6 23.Re1+ Kd6 24.Qxf6  1-0

[Event "TCh-SVK Extraliga 2011-12"]
[Site "Slovakia SVK"]
[Date "2011.10.22"]
[Round "1"]
[White "Ponizil,C"]
[Black "Pacher,M"]
[Result "0-1"]
[WhiteElo "2398"]
[BlackElo "2403"]

1.e4 e6 2.d4 d5 3.Nd2 Be7 4.Ngf3 Nf6 5.e5 Nfd7 6.c3 c5 7.Bd3 Nc6 8.O-O g5
9.dxc5 g4 10.Nd4 Ndxe5 11.Bb5 Bd7 12.Bxc6 bxc6 13.f4 Ng6 14.b4 f5 15.Qe2 Kf7
16.Bb2 Qc7 17.g3 Bf6 18.N2b3 h5 19.c4 h4 20.cxd5 exd5 21.b5 hxg3 22.hxg3 Rh3
23.Qg2 Bh4 24.gxh4 Nxh4 25.Qd2 Rg8 26.Qc1 Qd8 27.Kf2 Qe7 28.Rg1 g3+  0-1

[Event "TCh-BEL 2011-12"]
[Site "Belgium BEL"]
[Date "2011.10.23"]
[Round "2.6"]
[White "Baert,A"]
[Black "Laurent,B"]
[Result "0-1"]
[WhiteElo "2183"]
[BlackElo "2372"]

1.e4 e6 2.d4 d5 3.Nd2 Nc6 4.Ngf3 Nf6 5.e5 Nd7 6.Bb5 a6 7.Bxc6 bxc6 8.c4 dxc4
9.Nxc4 Nb6 10.Na5 Qd5 11.Nb3 a5 12.O-O Ba6 13.Re1 a4 14.Nc5 Bxc5 15.dxc5 Qxd1
16.Rxd1 Nd7 17.b4 Be2 18.Re1 Bxf3 19.gxf3 Rb8 20.Re4 Nf8 21.h4 Ng6 22.Bg5 h6
23.h5 Nxe5 24.Rxe5 hxg5 25.Rxg5 Rxb4 26.Rxg7 Rxh5 27.Rc1 Rb2 28.Rg8+ Ke7
29.Rc8 Rg5+ 30.Kf1 Kd7 31.Rf8 Rf5  0-1

[Event "26th Le Touquet Open"]
[Site "Le Touquet FRA"]
[Date "2011.10.24"]
[Round "4.17"]
[White "Devoille,H"]
[Black "Roger,M"]
[Result "1/2-1/2"]
[WhiteElo "1834"]
[BlackElo "2153"]

1.e4 e6 2.d4 d5 3.Nd2 Be7 4.Bd3 c5 5.c3 Nc6 6.Ne2 dxe4 7.Nxe4 cxd4 8.Nxd4 Nxd4
9.cxd4 Nf6 10.O-O O-O 11.Be3 Bd7 12.Rc1 Bc6 13.Qc2 Nd5 14.a3 f5 15.Nc3 Nxc3
16.Qxc3 f4 17.Bd2 Qd5 18.f3 Bf6 19.Kh1 Bxd4 20.Qc2 Qh5 21.Rce1 Rf6 22.h3 Kh8
23.Bc3 e5 24.Bxd4 exd4 25.Re2 Rd8 26.Rfe1 Bxf3 27.gxf3 Qxf3+ 28.Rg2 Qxh3+
29.Rh2 Qf3+ 30.Rg2 Qh3+ 31.Rh2 Qf3+ 32.Rg2 Rh6+ 33.Kg1 Qh3 34.Qc7 Qh1+ 35.Kf2 Qh4+
36.Kf1 Qh1+ 37.Kf2 Qh4+ 38.Kf1 Qh1+ 39.Kf2  1/2-1/2

[Event "26th Le Touquet Open"]
[Site "Le Touquet FRA"]
[Date "2011.10.24"]
[Round "4.9"]
[White "Rouffignac,T"]
[Black "Song,Ju"]
[Result "0-1"]
[WhiteElo "1955"]
[BlackElo "2314"]

1.e4 e6 2.d4 d5 3.Nd2 Be7 4.e5 c5 5.Qg4 g6 6.dxc5 Nc6 7.Ngf3 Qc7 8.Bb5 Nh6
9.Qf4 Nf5 10.g4 Ng7 11.Nb3 O-O 12.Bxc6 Qxc6 13.Qh6 f6 14.h4 fxe5 15.Nxe5 Qa4
16.f3 Bf6 17.Nd3 Bd7 18.Bg5 Nf5 19.gxf5 Bg7 20.Qxg7+ Kxg7 21.f6+ Rxf6 22.Bxf6+ Kxf6
23.a3 Bb5 24.O-O-O Bxd3 25.Rxd3 Qf4+ 26.Kb1 Rc8 27.h5 g5 28.Re1 Qg3 29.Re2 Rd8
30.Ka2 e5 31.Nd2 Qf4 32.Ne4+ dxe4 33.Rxd8 exf3 34.Rf8+ Kg7 35.Rxf4 exf4 36.Rh2 Kf6
37.b4 g4 38.b5 g3 39.c6 bxc6 40.bxc6 gxh2 41.c7 f2 42.c8=Q f1=Q 43.Qf8+ Kg5
44.Qg7+ Kh4 45.Qe7+ Kh3 46.Qd7+ Kg2 47.Qg7+ Kh1 48.Qxh7 f3 49.Qb7 Qg2 50.Qb1+ Qg1
51.Qb7 Kg2 52.Qg7+ Kh3 53.h6 h1=Q 54.Qb7 Qa1+  0-1

[Event "19th Skopje Open"]
[Site "Skopje MKD"]
[Date "2011.10.24"]
[Round "1"]
[White "Stojkovska,M"]
[Black "Jacimovic,D"]
[Result "0-1"]
[WhiteElo "1927"]
[BlackElo "2429"]

1.e4 e6 2.d4 d5 3.Nd2 Nc6 4.Ngf3 Nf6 5.e5 Nd7 6.c3 f6 7.exf6 Qxf6 8.Bd3 Bd6
9.O-O O-O 10.Qc2 h6 11.Qb3 Nb6 12.a4 a5 13.Bb5 Bd7 14.Re1 Rae8 15.Nf1 e5
16.Bxc6 bxc6 17.dxe5 Bxe5 18.Ne3 Kh8 19.Qc2 Bd6 20.b3 c5 21.Bb2 Qf7 22.Red1 Qh5
23.Nf1 Rxf3 24.gxf3 Bf5 25.Qd2 Qxf3  0-1

[Event "1st Central Asia Cup"]
[Site "Tashkent UZB"]
[Date "2011.10.24"]
[Round "7.13"]
[White "Tokhirjanova,H"]
[Black "Aitbayev,A"]
[Result "1/2-1/2"]
[WhiteElo "2144"]
[BlackElo "2391"]

1.e4 e6 2.d4 d5 3.Nd2 Be7 4.Ngf3 Nf6 5.e5 Nfd7 6.Bd3 c5 7.c3 b6 8.O-O Ba6
9.Ne1 Bxd3 10.Nxd3 Nc6 11.Qg4 g5 12.Qh5 cxd4 13.Nf3 Nf8 14.cxd4 h6 15.Be3 Ng6
16.Nfe1 Qd7  1/2-1/2

[Event "1st Central Asia Cup"]
[Site "Tashkent UZB"]
[Date "2011.10.24"]
[Round "7.9"]
[White "Djuraev,S"]
[Black "Nodirjanova,N"]
[Result "1-0"]
[WhiteElo "2381"]
[BlackElo "2170"]

1.e4 e6 2.d4 d5 3.Nd2 a6 4.Bd3 c5 5.dxc5 Bxc5 6.exd5 exd5 7.Nb3 Ba7 8.Qe2+ Qe7
9.Bg5 Qe6 10.O-O-O Qxe2 11.Nxe2 Bxf2 12.Rhf1 h6 13.Bd2 Bh4 14.Bc3 Nf6 15.Kb1 Nbd7
16.Ned4 Ng4 17.Nf5 Bf6 18.Nd6+ Kf8 19.Rde1 Nde5 20.h3 d4 21.Bxd4 Be6 22.hxg4 Nxd3
23.cxd3 Rd8 24.Bxf6 Rxd6 25.Bc3 Kg8 26.Nc5 Bd5 27.Re7 Kh7 28.Ne4 Rg6 29.g5 hxg5
30.Rd7  1-0

[Event "Corsica Masters 2011"]
[Site "Bastia FRA"]
[Date "2011.10.27"]
[Round "8.7"]
[White "Debray,C"]
[Black "Grigoryan,Av"]
[Result "0-1"]
[WhiteElo "2402"]
[BlackElo "2614"]

1.e4 e6 2.d4 d5 3.Nd2 Nc6 4.Ngf3 Nf6 5.e5 Nd7 6.Nb3 a5 7.a4 Be7 8.c3 b6 9.Bb5 Ncb8
10.O-O c6 11.Bd3 Ba6 12.Be3 O-O 13.Qc2 Bxd3 14.Qxd3 c5 15.c4 Nc6 16.cxd5 Nb4
17.Qe2 Nxd5 18.Rac1 cxd4 19.Bxd4 Qb8 20.Qb5 Rd8 21.Rc4 Bb4 22.Rfc1 h6 23.Rc6 Qb7
24.Nbd2 Rac8 25.Rxc8 Rxc8 26.Rxc8+ Qxc8 27.Qc4 Bc5 28.Ne4 Qc7 29.Nxc5 bxc5
30.Bc3 N7b6 31.Qa6 Nxc3 32.bxc3 Qd8 33.h4 Nxa4 34.Qc6 Nxc3 35.Qxc5 Nd5 36.g3 a4
37.Qa7 Nc3 38.Qc5 Qd3 39.Kg2 Ne4 40.Qa7 a3 41.Nd4 a2 42.Qa8+ Kh7 43.Nxe6 fxe6
44.Qxa2 Nd2 45.Kh2 Nf3+ 46.Kh3 Qf1+ 47.Kg4 Qc4+ 48.Qxc4 Nxe5+ 49.Kf4 Nxc4
50.h5 Kg8 51.g4 Kf7 52.g5 hxg5+ 53.Kxg5 Nd6  0-1

[Event "Chinese League"]
[Site "Qingdao CHN"]
[Date "2011.10.27"]
[Round "14"]
[White "Gu Xiaobing"]
[Black "Gong Qianyun"]
[Result "1/2-1/2"]
[WhiteElo "2369"]
[BlackElo "2232"]

1.e4 e6 2.d4 d5 3.Nd2 Nc6 4.c3 e5 5.dxe5 dxe4 6.Qe2 Nxe5 7.Nxe4 Qe7 8.Bf4 f5
9.Nc5 Ng6 10.Nd3 Nxf4 11.Nxf4 Bd7 12.Nf3 Qxe2+ 13.Bxe2 Bd6 14.Nd3 O-O-O 15.Nde5 Nh6
16.Nxd7 Rhe8 17.Nf6 gxf6 18.Rd1 Re7 19.Kf1 a6 20.Bd3 Kb8 21.g3 f4 22.Kg2 Ng4
23.Nd4 Ne5 24.Bf5 Rg8 25.Rhe1 h5 26.Kf1 fxg3 27.hxg3 Ng4 28.Rxe7 Bxe7 29.Be6 Rd8
30.Re1 Bc5 31.Re4 Ne5 32.Ke2 Bb6 33.f4 Ng4 34.Bf7 Nh6 35.Bxh5 c5 36.Ne6 Nf5
37.Nxd8 Nxg3+ 38.Kf3 Nxe4 39.Ne6 Nd6 40.b3 Nb5 41.c4 Nd4+ 42.Nxd4 cxd4 43.Ke4 a5
44.f5 Kc7 45.Kd5 d3 46.Ke4 d2 47.Kd3 Kd6 48.Kxd2 Ke5 49.Bf7 Bc5 50.Be6  1/2-1/2

[Event "World Youth U16 Ol"]
[Site "Kocaeli TUR"]
[Date "2011.10.29"]
[Round "7.10"]
[White "Abramciuc,Marius"]
[Black "Murdochy,Shivan"]
[Result "1/2-1/2"]
[WhiteElo "2029"]
[BlackElo "1866"]

1.e4 e6 2.d4 d5 3.Nd2 Be7 4.Bd3 c5 5.dxc5 Nf6 6.Qe2 O-O 7.Ngf3 a5 8.c4 dxe4
9.Nxe4 Nbd7 10.Bg5 Nxe4 11.Qxe4 g6 12.Bxe7 Qxe7 13.O-O-O Nxc5 14.Qe5 b6 15.Nd4 Ba6
16.h4 Nxd3+ 17.Rxd3 Qc5 18.Qxc5 bxc5 19.Nb5 Bxb5 20.cxb5 a4 21.Rhd1 Rfb8
22.Rd7 Rxb5 23.Rc7 Rab8 24.Rd2 Kg7 25.Rc2 Rb4 26.g3 R8b5 27.Rd2 Rc4+ 28.Rc2 Rxc2+
29.Kxc2 Kf6 30.Ra7 Rb4 31.Ra5 Rc4+ 32.Kd3 Rc1 33.Rxa4 Rf1 34.Rf4+ Ke7 35.Kc4 Rc1+
36.Kb5 Rc2 37.b3 Rxa2 38.Kxc5 e5 39.Rf3 f5 40.b4 e4 41.Rb3 Rxf2 42.b5 Rf3
43.Rb1 Rc3+ 44.Kd4 Rd3+ 45.Kc4 Rd8 46.b6 h6 47.b7 Rb8 48.Kd4 Kd6 49.Rb6+ Kc7
50.Rxg6 Kxb7 51.Rxh6 Rg8 52.Rh5 Rxg3  1/2-1/2